Famille, fortune, pouvoir et architecture domestique dans les villages du Proche Orient

Saved in:  
Bibliographic Details
Main Author: Aurenche, Olivier 1942- (Author)
Contributors: Veenhof, Klaas R. (Other)
Format: Print Article
Language:French
Check availability: HBZ Gateway
Interlibrary Loan:Interlibrary Loan for the Fachinformationsdienste (Specialized Information Services in Germany)
Published: 1996
In: Houses and households in ancient Mesopotamia
Year: 1996, Pages: 1-16
Standardized Subjects / Keyword chains:B Mesopotamia / Geography
RelBib Classification:TC Pre-Christian history ; Ancient Near East
Further subjects:B Settlement
B Architecture
B Family

MARC

LEADER 00000naa a22000002c 4500
001 1589028538
003 DE-627
005 20190311192756.0
007 tu
008 190311s1996 xx ||||| 00| ||fre c
020 |a 9062580793 
035 |a (DE-627)1589028538 
035 |a (DE-576)519028538 
035 |a (DE-599)BSZ519028538 
040 |a DE-627  |b ger  |c DE-627  |e rakwb 
041 |a fre 
084 |a 1  |2 ssgn 
100 1 |0 (DE-588)137787200  |0 (DE-627)595615333  |0 (DE-576)305098853  |4 aut  |a Aurenche, Olivier  |d 1942- 
109 |a Aurenche, Olivier 1942-  |a Aurenche, O. 1942-  |a Aurenche, ... 1942- 
245 1 0 |a Famille, fortune, pouvoir et architecture domestique dans les villages du Proche Orient 
264 1 |c 1996 
336 |a Text  |b txt  |2 rdacontent 
337 |a ohne Hilfsmittel zu benutzen  |b n  |2 rdamedia 
338 |a Band  |b nc  |2 rdacarrier 
650 0 7 |0 (DE-588)4016397-0  |0 (DE-627)104427175  |0 (DE-576)208915818  |a Familie  |2 gnd 
650 0 7 |0 (DE-588)4002851-3  |0 (DE-627)104280352  |0 (DE-576)208848975  |a Architektur  |2 gnd 
650 0 7 |0 (DE-588)4054858-2  |0 (DE-627)106160826  |0 (DE-576)209110872  |a Siedlung  |2 gnd 
652 |a TC 
689 0 0 |d g  |0 (DE-588)4038788-4  |0 (DE-627)106230603  |0 (DE-576)20903209X  |2 gnd  |a Mesopotamien 
689 0 1 |d s  |0 (DE-588)4020216-1  |0 (DE-627)104394285  |0 (DE-576)208932429  |2 gnd  |a Geografie 
689 0 |5 (DE-627) 
700 1 |a Veenhof, Klaas R.  |4 oth 
773 0 8 |i In  |t Houses and households in ancient Mesopotamia  |d Leiden : Nederlands Instituut voor het Nabije Oosten, 1996  |g (1996), Seite 1-16  |h VIII, 326 S.  |w (DE-627)161415113X  |w (DE-576)058533990  |z 9062580793  |7 nnam 
773 1 8 |g year:1996  |g pages:1-16 
935 |a BIIN 
951 |a AR 
BIB |a 1 
ELC |b 1 
ITA |a 1  |t 1 
LOK |0 000 xxxxxcx a22 zn 4500 
LOK |0 001 3058711808 
LOK |0 003 DE-627 
LOK |0 004 1589028538 
LOK |0 005 20190311192756 
LOK |0 008 190311||||||||||||||||ger||||||| 
LOK |0 035   |a (DE-Tue135-1)84899 
LOK |0 040   |a DE-Tue135-1  |c DE-627  |d DE-Tue135-1 
LOK |0 852   |a DE-Tue135-1 
LOK |0 852 1  |c FTHAT080787/AEO  |m p  |9 00 
LOK |0 852 2  |b 18/8  |9 00 
LOK |0 935   |a iSWA 
LOK |0 936ln  |0 1442053569  |a TC 
LOK |0 938   |k p 
LOK |0 939   |a 11-03-19  |b l12 
ORI |a SA-MARC-ixtheoa001.raw 
REL |a 1 
STA 0 0 |a Architecture,Architecture,Family,Family,Families in literature,Geography,Geography,Mesopotamia,Mesopotamia,Northern Mesopotamia,Settlement,Colonies,Human settlements 
STB 0 0 |a Architecture,Architecture,Colonie,Site d'habitation,Peuplement,Site d'habitation,Peuplement,Colonies,Famille,Famille,Géographie,Géographie 
STC 0 0 |a Arquitectura,Arquitectura,Asentamiento,Poblamiento,Poblamiento,Familia,Familia,Familias,Geografía,Geografía 
STD 0 0 |a Architettura,Architettura,Colonia,Insediamento,Insediamento,Famiglia,Famiglia,Geografia,Geografia 
STE 0 0 |a 地理学,定居,殖民,家,家,家庭,家庭,建筑 
STF 0 0 |a 地理學,定居,殖民,家,家,家庭,家庭,建築 
STG 0 0 |a Arquitetura,Arquitetura,Família,Família,Geografia,Geografia,Povoamento,Assentamento,Assentamento 
STH 0 0 |a Архитектура (мотив),Архитектура,География (мотив),География,Поселение,Семья (мотив),Семья 
STI 0 0 |a Αποικία,Οικισμός,Αρχιτεκτονική (μοτίβο),Αρχιτεκτονική,Γεωγραφία (μοτίβο),Γεωγραφία,Οικογένεια (μοτίβο),Οικογένεια 
SUB |a BIB  |a REL 
SYE 0 0 |a Familien,Family,Relatives,Verwandte,Verwandtschaft,Familien , Baukunst , Besiedelung,Besiedlung,Siedlungsstätte,Siedlungsgebiet,Siedlungen 
SYG 0 0 |a Zweistromland,Zwischenstromland , Geographie,Geographie,Allgemeine Geographie,Geographische Landeskunde,Erdkunde,Allgemeine Geografie,Geografische Landeskunde